Список сочинений по разным отраслям сельского хозяйства, естествознанию и другим предметам, одобренных Ученым комитетом Главного управления землеустройства и земледелия для подведомственных Главному управлению сельскохозяйственных учебных заведений... За время с 17 апреля 1894 г. по 1 января 1902 г. (Запись № 4987266)

Подробности
000 -МАРКЕР
контрольное поле 01998nam2a22003011 4500
001 - ИДЕНТИФИКАТОР ЗАПИСИ
контрольное поле v19\rc\1719547
005 - ИДЕНТИФИКАТОР ВЕРСИИ
контрольное поле 20250619040421.0
035 ## - ДРУГИЕ СИСТЕМНЫЕ НОМЕРА
Идентификатор записи (NLR Aleph) 004817556
100 ## - ДАННЫЕ ОБЩЕЙ ОБРАБОТКИ
Данные общей обработки 20061002d1903 |||y0rusy50 ca
101 0# - ЯЗЫК РЕСУРСА
Язык текста, звукозаписи и т.д. русский
102 ## - СТРАНА ПУБЛИКАЦИИ ИЛИ ПРОИЗВОДСТВА
Страна публикации российская федерация
105 ## - ПОЛЕ КОДИРОВАННЫХ ДАННЫХ: ТЕКСТОВЫЕ МАТЕРИАЛЫ, МОНОГРАФИЧЕСКИЕ
Кодированные данные о монографическом текстовом документе y z |||||
200 0# - ЗАГЛАВИЕ И СВЕДЕНИЯ ОБ ОТВЕТСТВЕННОСТИ
Основное заглавие За время с 17 апреля 1894 г. по 1 января 1902 г.
205 ## - СВЕДЕНИЯ ОБ ИЗДАНИИ
Сведения об издании 2-е изд.
210 ## - ПУБЛИКАЦИЯ, РАСПРОСТРАНЕНИЕ И ДР.
Дата издания, распространения и т.д. 1903
Место издания, распространения и т.д. Б. м.
215 ## - ФИЗИЧЕСКАЯ ХАРАКТЕРИСТИКА
Специфическое обозначение материала и объем [2], 52 с.
461 #0 - УРОВЕНЬ НАБОРА
Встроенное поле 001v19\rc\1719539
-- 2001#$aСписок сочинений по разным отраслям сельского хозяйства, естествознанию и другим предметам, одобренных Ученым комитетом Главного управления землеустройства и земледелия для подведомственных Главному управлению сельскохозяйственных учебных заведений...$fГУЗ и З. Учен. ком.$vЗа время с 17 апреля 1894 г. по 1 января 1902 г.
Системный номер (АБИС) связанной записи 4987195
Место публикации Санкт-Петербург
Дата публикации 1900-1913
Первые сведения об ответственности ГУЗ и З. Учен. ком.
Заглавие Список сочинений по разным отраслям сельского хозяйства, естествознанию и другим предметам, одобренных Ученым комитетом Главного управления землеустройства и земледелия для подведомственных Главному управлению сельскохозяйственных учебных заведений...
Номер тома За время с 17 апреля 1894 г. по 1 января 1902 г.
801 #0 - ИСТОЧНИК ЗАПИСИ
Страна российская федерация
Организация NLR
Правила каталогизации psbo
801 #0 - ИСТОЧНИК ЗАПИСИ
Страна российская федерация
Организация RuMoRGB
Источник данных psbo
801 #1 - ИСТОЧНИК ЗАПИСИ
Страна российская федерация
Организация ProSoft-M
Источник данных rusmarc
899 ## - ДАННЫЕ О МЕСТОНАХОЖДЕНИИ (устаревшее)
Местонахождение RuMoRGB
Шифр хранения R 7/899
899 ## - ДАННЫЕ О МЕСТОНАХОЖДЕНИИ (устаревшее)
Местонахождение RuMoRGB
Шифр хранения R 103/244
899 ## - ДАННЫЕ О МЕСТОНАХОЖДЕНИИ (устаревшее)
Местонахождение RuMoRGB
Шифр хранения R 21/33
899 ## - ДАННЫЕ О МЕСТОНАХОЖДЕНИИ (устаревшее)
Местонахождение БАН
942 ## - ДОПОЛНИТЕЛЬНЫЕ ЭЛЕМЕНТЫ ЗАПИСИ (АБИС)
Тип экземпляра АБИС Книга
980 ## - КОЛЛЕКЦИЯ
Название коллекции Национальная библиография

Нет доступных экземпляров.